Friedrich Schneider Deine Kinder und Du : [könyvismertetés] /

Elmentve itt :
Bibliográfiai részletek
Szerző: Kemény Ferenc
További közreműködők: Schneider Friedrich
Dokumentumtípus: Cikk
Megjelent: 1937
Sorozat:Magyar pedagógia : a Magyar Tudományos Akadémia Pedagógiai Bizottságának folyóirata 46
Kulcsszavak:Gyermeknevelés családi könyvismertetés, Gyermeknevelés
Online Access:http://misc.bibl.u-szeged.hu/11074
LEADER 00754nab a2200193 i 4500
001 misc11074
005 20191106142122.0
008 170607s1937 hu o 0|| hun d
022 |a 0025-0260 
040 |a SZTE Miscellanea Repozitórium  |b hun 
041 |a hun 
100 1 |a Kemény Ferenc 
245 1 0 |a Friedrich Schneider  |h [elektronikus dokumentum] :  |b Deine Kinder und Du : [könyvismertetés] /  |c  Kemény Ferenc 
260 |c 1937 
300 |a 280-281 
490 0 |a Magyar pedagógia : a Magyar Tudományos Akadémia Pedagógiai Bizottságának folyóirata  |v 46 
695 |a Gyermeknevelés családi könyvismertetés, Gyermeknevelés 
700 0 1 |a Schneider Friedrich 
856 4 0 |u http://misc.bibl.u-szeged.hu/11074/1/mp_1937_3685_280-281.pdf  |z Dokumentum-elérés